000 01848cam a2200145 4500500
005 20251214002418.0
041 _afre
042 _adc
100 1 0 _aBlaya, Catherine
_eauthor
700 1 0 _aLa Borderie, René
_eauthor
245 0 0 _aViolences et maltraitances en milieu scolaire
260 _bArmand Colin,
_c2006.
520 _aSynthèse de la recherche sur les violences et les maltraitances en milieu scolaire en France et à l’étranger, ce livre dresse un panorama de la situation dans les établissements scolaires. Il fournit à ceux qui se retrouvent trop souvent seuls et démunis face à des situations « impossibles » de très précieuses indications.L’auteure présente les concepts et modèles qui étayent l’analyse actuelle tout en ouvrant la discussion sur d’autres outils. Elle analyse les politiques publiques mais aussi les réponses au niveau local en termes de prévention et d’intervention, tout en évaluant les difficultés de leur mise en œuvre et de leur appréciation.Cet ouvrage s’adresse aux enseignants, travailleurs sociaux et étudiants de ces filières. Par une mise en perspective très réussie des différentes possibilités d’analyse et d’intervention existantes, il les aidera à échapper aux stéréotypes et aux solutions naïves qui piègent trop souvent l’action.Catherine BLAYA, directrice de l’Observatoire européen de la violence scolaire, est maître de conférences à l’IUFM d’Aquitaine.La violence dans son contexte historique et social. Climat scolaire, violences et maltraitances. La violence en milieu scolaire : état des lieux. Étiologie et conséquences de la violence. La lutte contre la violence à l’école.
856 4 1 _uhttps://shs.cairn.info/violences-et-maltraitances-en-milieu-scolaire--9782200345891?lang=fr&redirect-ssocas=7080
999 _c1566911
_d1566911